| 000 | 00942nam a2200325 a 4500 | ||
|---|---|---|---|
| 003 | AR-BaBNM | ||
| 005 | 20251128205512.0 | ||
| 008 | 082120s2002 ||||||||||||||000 | spa|| | ||
| 020 | _a84-7774-852-7 | ||
| 040 | _cAR-BaBNM | ||
| 100 | 1 | _aChomsky, Noam | |
| 245 | 0 | 0 |
_aEl lenguaje y los problemas del conocimiento _bconferencias de Managua. 1 |
| 250 | _a2ª ed. | ||
| 260 |
_aMadrid _bVisor _c1992 |
||
| 300 | _a160 p. | ||
| 490 | 0 |
_aLingüística y conocimiento _vv. 2 |
|
| 650 | 4 | _aLINGÜISTICA | |
| 650 | 4 | _aINVESTIGACION LINGUISTICA | |
| 650 | 4 | _aLENGUAJE | |
| 650 | 4 | _aRACIONALISMO | |
| 650 | 4 | _aLINGÜISTICA COMPARATIVA Y DIACRONICA | |
| 650 | 4 | _aTEORIA LINGÜISTICA | |
| 653 | _aFILOSOFIA DEL LENGUAJE | ||
| 700 | 1 |
_aAlegría, Claribel _etraductor |
|
| 700 | 1 |
_aFlakoll, D.J. _etraductor |
|
| 700 | 1 |
_aPalacios Alcaine, Azucena _etraductor |
|
| 800 | 1 |
_aPiera, Carlos _edirector |
|
| 942 | _cBK | ||
| 998 | _cMARTIN | ||
| 999 |
_c11653 _d11653 |
||